| 000 | 00830cab a2200181 4500 | ||
|---|---|---|---|
| 001 | ##L132742 | ||
| 008 | 060306n2006 000 0 eng u | ||
| 035 | _a(Sirsi) u132742 | ||
| 041 | 0 | _aeng | |
| 100 | 1 | _aJohnson, Hugh | |
| 245 | 0 | 0 | _aMeeting of the ways |
| 260 | _c2006 | ||
| 490 | 0 |
_aRICS Building Control _v(167) March 2006, 15(1) |
|
| 520 | _aReports that the Victoria Chapter of the Australian Institute of Building Surveyors (AIBS) has recently adopted a new action plan and mission statement, which sets out the goals and objectives of the AIBS in the state building industry. Outlines the key strategies contained in the action plan, which are broadly similar to the aims and objectives of the RICS Building Control Forum. | ||
| 651 | 4 | _aAUSTRALIA | |
| 690 | _aBUILT ENVIRONMENT-BUILDING INSPECTION | ||
| 942 | _n0 | ||
| 999 |
_c76594 _d76594 |
||